Mastering Python (Record no. 394950)

MARC details
000 -LEADER
fixed length control field 00238 a2200121 4500
000 - LEADER
fixed length control field nam a22 7a 4500
100 ## - MAIN ENTRY--PERSONAL NAME
Personal name singh y
110 ## - MAIN ENTRY--CORPORATE NAME
Corporate name or jurisdiction name as entry element singh y
245 ## - TITLE STATEMENT
Title Mastering Python
260 ## - PUBLICATION, DISTRIBUTION, ETC.
Name of publisher, distributor, etc. t r p
264 ## - PRODUCTION, PUBLICATION, DISTRIBUTION, MANUFACTURE, AND COPYRIGHT NOTICE
Name of producer, publisher, distributor, manufacturer t r p
942 ## - ADDED ENTRY ELEMENTS (KOHA)
Koha item type Books

No items available.

© Designed and Maintained by Vivekananda Library, MDU Rohtak